| 000 | 00392pam a2200145 i 4500 | ||
|---|---|---|---|
| 020 |
_a0716710226. _a0716710218 |
||
| 040 | _cDLC | ||
| 082 | 0 | 0 | _a001 WHF 1979 A005 Or. |
| 100 | 1 | _aMoore, David S. | |
| 245 | 1 | 0 |
_aStatistics : _bconcepts and controversies / |
| 260 |
_aSan Francisco : _bW. H. Freeman, _cc1979. |
||
| 300 |
_axv, 313 p. : _bill. ; _c24 cm. |
||
| 650 | 0 | _aStatistics. | |
| 942 | _cEK | ||
| 999 |
_c12926 _d12926 |
||